LIBRARY & INFORMATION CENTRE, KCAET, TAVANUR

ONLINE PUBLIC ACCESS CATALOGUE (OPAC)

Space laboratories / (Record no. 636)

MARC details
000 -LEADER
fixed length control field 00463cam a2200193ua 4500
041 ## - LANGUAGE CODE
Language code of text/sound track or separate title eng
082 ## - DEWEY DECIMAL CLASSIFICATION NUMBER
Classification number 533.62
Item number ZHD/SP
100 ## - MAIN ENTRY--AUTHOR NAME
Personal name Zhdanov, G .
245 ## - TITLE STATEMENT
Title Space laboratories /
250 ## - EDITION STATEMENT
Edition statement 1 /
260 ## - PUBLICATION, DISTRIBUTION, ETC. (IMPRINT)
Place of publication Moscow :
Name of publisher Foreign language publishing house ,
Year of publication 1957.
300 ## - PHYSICAL DESCRIPTION
Number of Pages 197 ; .
700 1# - ADDED ENTRY--PERSONAL NAME
Personal name Tinod , I .
942 ## - ADDED ENTRY ELEMENTS (KOHA)
Koha item type Books
Holdings
Withdrawn status Lost status Damaged status Home library Current library Date acquired Full call number Accession Number Koha item type
      KAUAET KAUAET 07/04/2012 533.62 ZHD/SP 1856 Books
free website counter